| 000 | 00358nam a22001457a 4500 | ||
|---|---|---|---|
| 020 | _qPB. | ||
| 040 | _cFizza ishaq | ||
| 082 |
_a530 _bRES |
||
| 100 |
_aRESNICK,& HALLIDAY. _922881 |
||
| 245 |
_aFundamentals of physics / _cHALLIDAY & RESNICK. |
||
| 250 | _a9th ED. | ||
| 260 |
_aUSA ; _bJOHN WILEY & SONS, _c2011. |
||
| 300 | _a560 P. : | ||
| 942 |
_2ddc _cBK |
||
| 999 |
_c614673 _d614673 |
||